000 00334nam a2200145 a 4500
008 150514s1992|||| d
245 1 0 _aĽudstvo hľadá Boha
250 _a1. vydanie
260 _bWatch Tower Bible ...
_aNew York
_c1992
300 _a376 s.
020 _c0
041 _aslo
044 _axo
_cSK
958 _aAPR
999 _c20844
_d20844